Guess the song - Statistics

General Stats
  • This quiz has been taken 41 times
  • The average score is 6 of 16
Answer Stats
Hint Singer Song % Correct
What you tell your mama when just killed a man. Queen. Bohemian Rhapsody
75%
When got the eye of the tiger, a fighter, dancing through the fire. Katy Perry. Roar
75%
What people say: I stay out too late, got nothing in my brain, I go on too many dates but I can't make 'em stay. Taylor Swift. Shake it off
69%
Yes: been brokenhearted, blue since the day we parted. Why, why, did I ever let you go? ABBA. Mamma Mia
58%
After hopping off the plane at LAX with a dream and a cardigan. Miley Cirus. Party in the USA
50%
What I say when I want you to know that I'm never leaving, 'cause I'm Mrs. Snow, 'til death we'll be freezing. Sia. Snowman
44%
What you say after wondering if after all this years they'd like to meet. Adele. Hello
42%
Yeah: you show me good lovin', make' it alright. Need a little sweetness in my life. Maroon 5. Sugar
42%
When the end is near, and so facing the final curtain. Frank Sinatra. My way
31%
The hottest spot north Havana, where music and passion were always the fashion. Barry Manilow. Copacabana
25%
When tried playin' it cool, but when lookin' at them can't ever be brave 'cause they make your heart race. One Direction. One thing
19%
When you guess you've lost your husband, don't know where he went. P!nk. So What
17%
Listen to the ground: there is movement all around. There is something goin' down. Bee Gees. Night Fever
11%
When they say: "Baby, put on your high heels, running shoes and let's just run away". DNCE. Zoom
8%
After had a dream the other night 'bout how we only get one life. OneRepublic. Something I need
6%
When a minute with them is worth more than a thousand days without their love, oh their love! Justin Bieber. Love me
3%
No matching quizzes found
Score Distribution
Percent of People with Each Score
Percentile by Number Answered
Your Score History
You have not taken this quiz